The Contract-Twenty One Pilots Lyrics - Statistics

General Stats
  • This quiz has been taken 105 times
  • The average score is 327 of 370
Answer Stats
Answer % Correct
a
98%
crazy,
98%
don't
98%
I
98%
much,
98%
sleep
98%
Sleep
98%
that
98%
that?
98%
you
98%
and
95%
And
95%
how
95%
know
95%
that's
95%
the
95%
to
95%
contract
93%
promises
93%
quiet
93%
stay
93%
up,
93%
up
93%
up?
93%
used
93%
check
91%
feeling
91%
have
91%
Keep
91%
keep
91%
my
91%
out,
91%
out
91%
outside
91%
pull
91%
blinds
88%
doors,
88%
how'd
88%
just
88%
maybe
88%
myself
88%
this
88%
time
88%
try
88%
windows
88%
windows,
88%
wondering
88%
clock,
86%
hallucination
86%
he'll
86%
necromancer's
86%
see
86%
see,
86%
contracts
84%
I'm
84%
what
84%
tryin'
81%
change
77%
Ooh,
77%
promised
77%
Wake
77%
Wait,
74%
around
72%
around,
72%
did
72%
Is
72%
it
72%
But
70%
yet?
70%
find
65%
pace
65%
room
65%
deal
63%
so
63%
take
63%
bet
58%
get
58%
light
58%
now
58%
real
58%
Better
56%
wanna
56%
felt
53%
there
53%
found
51%
bed
49%
edge
49%
walk
49%
face,
47%
of
47%
plead,
47%
breathe,
44%
hide
44%
Where
42%
I'ma
30%
No matching quizzes found
Score Distribution
Percent of People with Each Score
Percentile by Number Answered
Your Score History
You have not taken this quiz